[Event "Uebach op g/45"]
[Site "Uebach"]
[Date "1996.??.??"]
[Round "1"]
[White "Auschner, Matthias"]
[Black "Adorjan, Andras"]
[Result "0-1"]
[WhiteElo "1970"]
[BlackElo "2530"]
[PlyCount "61"]
[EventDate "1996.??.??"]
[EventType "swiss"]
[EventRounds "9"]
[EventCountry "GER"]
[SourceTitle "EXT 2004"]
[Source "ChessBase"]
[SourceDate "2003.11.25"]
[SourceVersion "1"]
[SourceVersionDate "2003.11.25"]
[SourceQuality "1"]

1. d4 Nf6 2. c4 c5 3. d5 b5 4. a4 b4 5. g3 g6 6. Bg2 Bg7 7. Qc2 0-0 8. e4 a5 9. Ne2 Ra7 10. Nd2 e6 11. 0-0 d6 12. Rb1 Re8 13. dxe6 fxe6 14. b3 Nc6 15. Bb2 e5 16. h3 Rae7 17. Rbd1 Bb7 18. Rfe1 Bc8 19. Kh2 h5 20. Bc1 Nd4 21. Qd3 Kh7 22. Ng1 Bh6 23. Nf1 Bxc1 24. Rxc1 Rf8 25. Nd2 h4 26. Ngf3 Nh5 27. Rf1 hxg3+ 28. fxg3 Kg7 29. Rce1 Nf6 30. Nh4 Ref7 31. Kg1 0-1